00668cam a2200205 a 45000010009000000050017000090080041000260200018000670400018000850820017001031000027001202450111001472600054002583000012003126500016003246500012003409420006003529520089003589990015004471760694320241003050238.0130130s2012 ce ab b 001 0 eng  a9789550762095 aDLCcDLCdDLC 222a809bCON1 aBandaranayake, Senake.10aContinuities and transformations :bstudies in Sri Lankan archaeology and history /cSenake Bandaranayake. aColombo :bSocial Scientists' Association,c2012. a349 p.  0aArchaeology 0aHistory cL 001040708LaWERCLbWERCLd2024-10-03l0o809 CONp6760r2024-10-03w2024-10-03yL c5925d5925